| 000 | 01256nam a22003258a 4500 | ||
|---|---|---|---|
| 001 | 59666 | ||
| 003 | CO-BoRNBP | ||
| 005 | 20251028194819.0 | ||
| 007 | ta | ||
| 008 | 070219s2007 ck a gr 00010 spa d | ||
| 040 |
_aCO-BoBLA _bspa _cCO-BoBLA |
||
| 041 | 0 | _aspa | |
| 082 | 0 | 4 |
_a001.42 _bL37c _221 ed. |
| 100 | 1 |
_aLétourneau, Jocelyn, _d1956- _966302 |
|
| 245 | 1 | 3 |
_aLa caja de herramientas del joven investigador : _bguía de iniciación al trabajo intelectual / _cJocelyn Létourneau ; traducción José Antonio Amaya. |
| 250 | _a1a. edición | ||
| 300 |
_a266 p. : _bil. ; _c24 cm. |
||
| 336 |
_2rdacontent _atexto _btxt |
||
| 337 |
_2rdamedia _asin mediación _bn |
||
| 338 |
_2rdacarrier _avolumen _bnc |
||
| 504 | _aIncluye bibliografías. | ||
| 534 | _tLe coffre à outils du chercheur débutant : guide d'initiation au travail intellectuel. | ||
| 650 | 7 |
_aRedacción de escritos técnicos. _2BLAAUTO _919812 |
|
| 650 | 7 |
_aMetodología de la investigación. _2BLAAUTO _92646 |
|
| 650 | 7 |
_aMetodología científica. _2BLAAUTO _99176 |
|
| 700 | 1 | 2 |
_aAmaya, José Antonio, _etr. _966303 |
| 830 | 0 |
_aCatalogación en la publicación-La Carreta Editores _966304 |
|
| 830 | 0 |
_aArchivo Beatriz González - Colección _966305 |
|
| 942 |
_2ddc _cBK |
||
| 999 |
_c59666 _d59666 |
||